000 02113cam a2200625 4500
001 20310
003 VRT
005 20260121114015.0
008 210624s2019 xr o grn 000 1bslo
015 _aSNBZSA2020/11
020 _a9788087685778
_q(viazané)
035 _aurn:nbn:sk:snk-am00eeax
035 _aurn:nbn:sk:snk-am3ihl3
035 _a9F70A03E-DA69-465E-A8CC-4F8550D1D6F1
039 9 _a202106241129
_bVLOAD
_c202102090839
_dVLOAD
_c202102081106
_dVLOAD
_c202011191230
_dmsnk167
040 _aPPPK
_bslo
_cPPPK
_dSNK
_erda
041 1 _aslo
043 _ae-xo---
044 _axr
_cCZ
072 7 _a796
_xŠport. Hry. Telesné cvičenia
_2konspekt
072 7 _a929
_xBiografie
_2konspekt
080 _a796.92
_22011
080 _a796.92.071.2
_22011
080 _a929-058.1
_22011
080 _a(437.6)
_22011
080 _a(092)
_22011
100 1 _aČermáková, Dana,
_d1960-
_4aut
245 1 0 _aZlatá Petra Vlhová
_cDana Čermáková
250 _aPrvní vydání
264 1 _a[Praha]
_bImagination of People
_c2019
300 _a127 strán, XVI strán obrazových príloh
_bfarebné fotografie
_c22 cm
336 _atext
_btxt
_2rdacontent
337 _abez média
_bn
_2rdamedia
338 _azväzok
_bnc
_2rdacarrier
490 1 _aPortréty
504 _aObsahuje bibliografiu na strane 127
600 1 4 _aVlhová, Petra,
_d1995-
650 0 7 _alyžovanie
_2SNKPH
650 0 7 _alyžiari
_2SNKPH
650 0 7 _aosobnosti
_2SNKPH
650 0 7 _aSkiing
_2SNKPHeng
650 0 7 _aSkiers
_2SNKPHeng
650 0 7 _aCelebrities
_2SNKPHeng
651 7 _aSlovensko
_2SNKPHgeo
651 7 _aSlovakia
_2SNKPHeng
655 7 _abiografie
_2SNKPH
655 7 _aBiography
_2SNKPHeng
830 0 _aPortréty
910 _asnk
942 _2ddc
_cOLDO
_n0
949 _617A1443576
_9snkČER 796:929
_asnkSC 188943 D1
_bsnk2020/17131
_oPemic48-ah/85Int. č. fa – 41/2019
949 _6273K0641428
_asvkpoB 106378
_bsvkpo633131
949 _6270001000603287
_asvkbbA 157848
_bsvkbbm 784295
949 _617A1418393
_asnkSC 188943
_bsnk2020/10211
_oPemic37-ah/11Int. č. fa – 29/2019
_s6100:20201016
999 _c20310
_d20310